Kashmiri Pandits Through Fire and Brimstone/ (Record no. 179011)

MARC details
000 -LEADER
fixed length control field 00746nam a22001937a 4500
005 - DATE AND TIME OF LATEST TRANSACTION
control field 20210512113928.0
010 ## - LCCN (DPL NO)
LC control number ENG-129498
020 ## - INTERNATIONAL STANDARD BOOK NUMBER
International Standard Book Number 978-81-88643-75-2
Terms of availability 295.00
035 ## - SYSTEM CONTROL NUMBER
System control number EN-113030
037 ## - SOURCE OF ACQUISITION
Source of stock number/acquisition DBAD/PUB
082 ## - DEWEY DECIMAL CLASSIFICATION NUMBER
Classification number 304.8095411
100 ## - MAIN ENTRY--PERSONAL NAME
Personal name Kashinath Pandit
245 ## - TITLE STATEMENT
Title Kashmiri Pandits Through Fire and Brimstone/
Statement of responsibility, etc Kashinath Pandit and Piaray Lal Koul Budgami
260 ## - PUBLICATION, DISTRIBUTION, ETC. (IMPRINT)
Name of publisher, distributor, etc Akshaya Prakashan
Place of publication, distribution, etc Delhi
Date of publication, distribution, etc 2020
270 ## - ADDRESS
Address 208, M G House, 2 Community Centre, Wazirpur Industrial Area
City Delhi
Postal code 110052
Electronic mail address harish@akshayaprakashan.com
Telephone number 011-47049292, 9818452269
300 ## - PHYSICAL DESCRIPTION
Extent xxiii+150p.
Dimensions 22cm(pbk)
Other physical details including illustrations and index.
700 ## - ADDED ENTRY--PERSONAL NAME
Personal name Piaray Lal Koul Budgami
942 ## - ADDED ENTRY ELEMENTS (KOHA)
Source of classification or shelving scheme Dewey Decimal Classification
Item type English Books
Classification part 304.8095411
Call number suffix KAS
Holdings
Withdrawn status Lost status Not for loan Collection code Home library Current library Date acquired Source of acquisition Cost, normal purchase price Full call number Barcode Copy number Cost, replacement price Koha item type
      Non-fiction Central Library Central Library 11/05/2021 DBAD/PUB 295.00 304.8095411 KAS EN-113030 1 295.00 English Books

© Delhi Public Library
Hit Counter
free hit counter